Central Library OPAC University of Rajshahi

A history of civilization in Palestine / (Record no. 65109)

MARC details
000 -LEADER
fixed length control field 00871nam a2200265 a 4500
001 - CONTROL NUMBER
control field 65109
003 - CONTROL NUMBER IDENTIFIER
rucl marc code BD-RjUL
005 - DATE AND TIME OF LATEST TRANSACTION
control field 20211209081404.0
008 - FIXED-LENGTH DATA ELEMENTS--GENERAL INFORMATION
fixed length control field 170227s1921 enkab b 001 0 eng
035 ## - SYSTEM CONTROL NUMBER
System control number (BD-RjUL)65239
040 ## - CATALOGING SOURCE
Original cataloging agency DLC
Transcribing agency IEdS
Modifying agency BD-RjUL
Language of cataloging eng
041 ## - LANGUAGE CODE
Language code of text/sound track or separate title eng
082 ## - DEWEY DECIMAL CLASSIFICATION NUMBER
Edition number 23
Classification number 956.94
Author mark and year MAH 1921
100 1# - MAIN ENTRY--PERSONAL NAME
Personal name Macalister, Robert Alexander Stewart,
Dates associated with a name 1870-
9 (RLIN) 192866
245 02 - TITLE STATEMENT
Title A history of civilization in Palestine /
Statement of responsibility, etc. R. A. S. Macalister.
260 ## - PUBLICATION, DISTRIBUTION, ETC. (IMPRINT)
Place of publication, distribution, etc. Cambridge :
Name of publisher, distributor, etc. University press,
Date of publication, distribution, etc. 1921.
300 ## - PHYSICAL DESCRIPTION
Pagination vii, 139 p. :
Illustrations ill. ;
Size 17 cm.
500 ## - GENERAL NOTE
General note Includes index
651 #0 - SUBJECT ADDED ENTRY--GEOGRAPHIC NAME
Geographic name Palestine
General subdivision History.
9 (RLIN) 192868
Geographic name Palestine
General subdivision Civilization.
9 (RLIN) 192869
830 ## - SERIES ADDED ENTRY--UNIFORM TITLE
Uniform title The Cambridge manuals of science and literature
942 ## - ADDED ENTRY ELEMENTS (KOHA)
Source of classification or shelving scheme Dewey Decimal Classification
Koha item type Books
Holdings
Lost status Source of classification or shelving scheme Damaged status Not for loan Collection code Permanent Location Current Location Shelving location Date acquired Source of acquisition Cost, normal purchase price Total Checkouts Full call number Date last seen Copy number Koha item type
  Dewey Decimal Classification   Not For Loan Non-fiction Central Library, University of Rajshahi Central Library, University of Rajshahi Reading Room 16/11/1956 N/A 4.14   956.94 MAH 1921 27/02/2017 C-1 Books